LEADER 01082nam a2200205 i 4500 001 000000250475 003 CaOOAMICUS 005 20160805000000.0 008 160805s1718 it u000 u lat u 013 $a229380 026 $ai.i, n-a- 7.o. suLi (3) 1718 (R) 040 $aSeMil$bita 245 10$aTomus 1. 300 $a[72], 444, [28] p. :$bill. 500 $aSegn. : [a]4 b4 [2]a-g4 A-3K4 3L-3Q2. 500 $aMarca editoriale: Un giovane con una stella sul capo e fiaccola in mano. Motto: Novissimus exit. Sul colophon [Non censita]. 773 0 $aAnastasius : Bibliothecarius $tAnastasii bibliothecarii De vitis Romanorum pontificum a b. Petro apostolo ad Nicolaum 1. Adjectis vitis Hadriani 2. et Stephani 6. Auctore Guillelmo bibliothecario sub auspiciis ... Clementis 11. ... Tomus 1. [-4.].$dRomae : Apud Jo: Mariam Salvioni typographum vaticanum in Archigymnasio Sapientia, 1718-1735.$g1$w()17378 850 $aSeMil 852 $aSeMil$W1$xVenegono$y1$m3E VIII 22 FA$j200821$B200821$CSeMilBibl$Z2$F212544 $8I 996 $6245$aTomus 1$9(OLS)http://semarc/title/47282 LEADER 01062nam a2200205 4500 001 000000341600 003 CaOOAMICUS 005 20200819110446.0 008 200819s1884 it a 000 u ita r 040 $aSeMil$bita 100 11$aQuaglia, Giuseppe.$0(OLS)http://semarc/name/23285 245 00$aLaghi e torbiere del circondario di Varese provincia di Como :$bcenni cronologici con tavole idrografiche e di oggetti preistorici /$cdell'ing. arch. Giuseppe Quaglia. 264 1$aVarese :$bTipografia Macchi e Brusa,$c1884. 300 $a92 p., 4 carte di tav. :$bill. ;$c29 cm 650 4$aVarese - Idrologia.$0(OLS)http://semarc/subject/49417 850 $aSeMil 852 $aSeMil$W1$xVenegono$y1$m3XE VI 10 FA$j220820$B232608$CSeMilBibl$Z2$F232608 $8I 996 $6245$aLaghi e torbiere del circondario di Varese provincia di Como :$bcenni cronologici con tavole idrografiche e di oggetti preistorici$9(OLS)http://semarc/title/70226 996 $6264$aVarese :$bTipografia Macchi e Brusa$9(OLS)http://semarc/publisher/57133